Clint Eastwood Films - Statistics

General Stats
  • This quiz has been taken 112 times
    64 since last reset
  • The average score is 22 of 39
Answer Stats
Hint Answer % Correct
2004 Million Dollar Baby
91%
1992 Unforgiven
82%
2008 Gran Torino
77%
2021 Cry Macho
73%
1971 Play Misty for Me
73%
2014 American Sniper
68%
2018 The Mule
68%
2003 Mystic River
64%
1983 Sudden Impact
64%
1999 True Crime
64%
1997 Absolute Power
59%
1973 High Plains Drifter
59%
2006 Letters from Iwo Jima
59%
2019 Richard Jewell
59%
2000 Space Cowboys
59%
2016 Sully
59%
2006 Flags of Our Fathers
55%
2010 Hereafter
55%
2011 J. Edgar
55%
1985 Pale Rider
55%
2018 The 15:17 to Paris
55%
1995 The Bridges of Madison County
55%
1990 White Hunter Black Heart
55%
2002 Blood Work
50%
1973 Breezy
50%
1982 Firefox
50%
2014 Jersey Boys
50%
1997 Midnight in the Garden of Good and Evil
50%
1975 The Eiger Sanction
50%
1976 The Outlaw Josey Wales
50%
1988 Bird
45%
1982 Honkytonk Man
45%
1977 The Gauntlet
45%
1993 A Perfect World
41%
1980 Bronco Billy
41%
2008 Changeling
41%
2009 Invictus
41%
1990 The Rookie
41%
1986 Heartbreak Ridge
36%
No matching quizzes found
Score Distribution
Percent of People with Each Score
Percentile by Number Answered
Your Score History
You have not taken this quiz since the last reset